[Event "San Francisco Addison op g/45"]
[Site "San Francisco"]
[Date "2005.06.25"]
[Round "4"]
[White "Celis, Christian"]
[Black "Chillakanti, Kartik"]
[Result "0-1"]
[WhiteElo "1512"]
[BlackElo "1339"]
[PlyCount "40"]
[EventDate "2005.06.25"]
[EventType "swiss (rapid)"]
[EventRounds "5"]
[EventCountry "USA"]
[SourceTitle "EXT 2007"]
[Source "ChessBase"]
[SourceDate "2006.11.23"]
[SourceVersion "1"]
[SourceVersionDate "2006.11.23"]
[SourceQuality "1"]

1. e4 e6 2. d4 d5 3. Nc3 Bb4 4. e5 c5 5. Nf3 Nc6 6. Be2 cxd4 7. Nxd4 Bxc3+ 8. bxc3 Nxe5 9. 0-0 Nf6 10. Ba3 Ne4 11. Qe1 a6 12. f3 Nd6 13. Kh1 0-0 14. f4 Nc6 15. Bd3 Re8 16. Rd1 Nxd4 17. cxd4 b5 18. Rf3 Bb7 19. Qe5 Nc4 20. Qe2 Nxa3 0-1